Norfolk International Airport Destinations (Norfolk, VA, USA) - Statistics

General Stats
  • This quiz has been taken 86 times
    48 since last reset
  • The average score is 36 of 45
Answer Stats
Airline Destination % Correct
Delta Air Lines/Frontier Airlines Atlanta
97%
United Airlines/United Express Washington (Dulles)
97%
American Eagle Washington (National)
97%
American Airlines/American Eagle Charlotte
94%
Southwest Airlines Chicago (Midway)
94%
American Eagle/United Airlines/United Express Chicago (O'Hare)
94%
American Airlines/Frontier Airlines Dallas/Fort Worth
94%
Southwest Airlines Dallas (Love)
94%
Southwest Airlines/United Airlines Denver
94%
Delta Air Lines/Delta Connection/Spirit Airlines Detroit
94%
United Airlines Houston (Intercontinental)
94%
American Airlines/American Eagle Miami
94%
American Eagle/Delta Connection New York (JFK)
94%
American Eagle/Delta Connection/Spirit Airlines New York (LaGuardia)
94%
Allegiant Air/Delta Connection/JetBlue/Spirit Airlines Boston
91%
Breeze Airways/Frontier Airlines/Southwest Airlines/Spirit Airlines Orlando
91%
Allegiant Air Orlando/Sanford
91%
Delta Connection Minneapolis/St. Paul
88%
American Eagle Philadelphia
88%
Southwest Airlines Baltimore
85%
Breeze Airways Las Vegas
85%
Southwest Airlines Nashville
85%
Allegiant Air/Breeze Airways Jacksonville (FL)
82%
Breeze Airways Los Angeles
82%
United Airlines/United Express Newark
82%
Breeze Airways New Orleans
82%
Southwest Airlines St. Louis
82%
Allegiant Air/JetBlue/Spirit Airlines Fort Lauderdale
79%
Breeze Airways Hartford
79%
Breeze Airways Phoenix (Sky Harbor)
79%
Breeze Airways Pittsburgh
79%
Breeze Airways Tampa
79%
Allegiant Air Cincinnati
76%
Breeze Airways Columbus (Glenn)
71%
Breeze Airways Fort Myers
71%
Allegiant Air St. Petersburg/Clearwater
71%
Breeze Airways Portland (ME)
68%
Breeze Airways Charleston (SC)
62%
Breeze Airways West Palm Beach
62%
Breeze Airways Providence
59%
Breeze Airways New Haven
56%
Breeze Airways San Diego
50%
Breeze Airways Akron/Canton
41%
Breeze Airways Syracuse
29%
Breeze Airways Long Island/Islip
26%
No matching quizzes found
Score Distribution
Percent of People with Each Score
Percentile by Number Answered
Your Score History
You have not taken this quiz since the last reset